000 00725nam a22002417a 4500
003 UA-OsUOA
001 50575
007 ta
008 20071120b un ||||| |||| 00| 0 ukr d
100 _aСливоцький Андріян
090 _a330.33.012
_bС47
942 _cBK
040 _aUA-OsUOA
_bukr
_cUA-OsUOA
_dUA-OsUOA
245 _aМіграція капіталу: як у замислах на кілька кроків випередити своїх конкурентів
300 _a296 с.
955 _a1
041 _aukr
080 _a330.33.012
020 _a966-7671-17-8
260 _aК.
_bПульсари
_c2001
650 7 _a330 Економіка взагалі
_2UDC
999 _c336683
_d336683